Little League World Series 2016 - Statistics

General Stats
  • This quiz has been taken 23 times
  • The average score is 8 of 16
Answer Stats
Region League State/Country/City % Correct
Asia-Pacific East Seoul Little League Seoul, South Korea
100%
Great Lakes Bowling Green Eastern Little League Bowling Green, Kentucky
63%
Europe-Africa Emilia Little League Emilia, Italy
63%
Japan Chofu Little League Tokyo, Japan
63%
West Park View Little League Chula Vista, California
58%
New England Warwick North Little League Warwick, Rhode Island
58%
Northwest Bend North Little League Bend, Oregon
53%
Mid-Atlantic Maine-Endwell Little League Endwell, New York
53%
Southeast Goodlettsville Baseball Little League Goodlettsville, Tennessee
53%
Southwest McAllister Park American Little League San Antonio, Texas
53%
Latin America Aguadulce Cabezera Little League Aguadulce, Panama
47%
Midwest Johnston Little League Johnston, Iowa
47%
Caribbean Pariba Little League Willemstad, Curacao
47%
Canada Hastings Community Little League Vancouver, British Columbia
42%
Australia Hills Little League Sydney, New South Wales
26%
Mexico San Nicolas Little League San Nicolas, Nuevo Leon
16%
No matching quizzes found
Score Distribution
Percent of People with Each Score
Percentile by Number Answered
Your Score History
You have not taken this quiz